Jawetz, Melnick, & Adelberg's medical microbiology. (Record no. 12179)

MARC details
000 -LEADER
fixed length control field 00627cam a22002052 4500
001 - CONTROL NUMBER
control field 0000021369
005 - DATE AND TIME OF LATEST TRANSACTION
control field 20151217155231.0
008 - FIXED-LENGTH DATA ELEMENTS--GENERAL INFORMATION
fixed length control field 120419s xx 000 0 eng d
020 ## - INTERNATIONAL STANDARD BOOK NUMBER
International Standard Book Number 0071624961
040 ## - CATALOGING SOURCE
Original cataloging agency KABU
Transcribing agency KABU
245 10 - TITLE STATEMENT
Title Jawetz, Melnick, & Adelberg's medical microbiology.
250 ## - EDITION STATEMENT
Edition statement 25th ed. /
Remainder of edition statement Geo. F. Brooks ... [et al.].
260 ## - PUBLICATION, DISTRIBUTION, ETC. (IMPRINT)
Place of publication, distribution, etc. New York :
Name of publisher, distributor, etc. McGraw-Hill Medical,
Date of publication, distribution, etc. 2010.
300 ## - PHYSICAL DESCRIPTION
Extent xi, 814 p.
650 #0 - SUBJECT ADDED ENTRY--TOPICAL TERM
Topical term or geographic name as entry element Medical microbiology.
-- 0000155703
700 1# - ADDED ENTRY--PERSONAL NAME
Personal name Brooks, Geo. F.
-- 0000179662
852 1# - LOCATION
-- p2890 KES
908 ## - PUT COMMAND PARAMETER (RLIN)
Put command parameter 120419
950 ## - LOCAL HOLDINGS (RLIN)
-- 1
Holdings
Withdrawn status Lost status Source of classification or shelving scheme Not for loan Home library Current library Date acquired Total Checkouts Total Renewals Full call number Barcode Date last seen Date last checked out Price effective from Koha item type Shelving location Cost, normal purchase price
    Library of Congress Classification   Kabarak, Main Campus Kabarak, Main Campus 17/12/2015 22 2 QR46 .J39 2010 c.1 20879 11/07/2025 04/07/2025 17/12/2015 General Collection    
    Library of Congress Classification   Kabarak, Main Campus Kabarak, Main Campus 19/02/2016 27 4 QR46 .J39 2010 C.2 021980 30/10/2020 27/10/2020 19/02/2016 General Collection General Stacks 3800.00
Designed with assistance from East African Informatics Ltd